000 00260nam a2200109 4500
082 _aBHA
100 _aBhatnagar, Kalka Prasad
245 _aCo-operation in India and Abroad
260 _aLondon:
_bSingh Printing Press,
_c1965.
300 _a637p. ;
942 _cBK
999 _c9600
_d9600